00614nam a2200229 a 4500001001300000003000900013005001700022008004100039020001000080082001400090100001600104245002400120260004800144300000900192500003500201505001300236650001100249902000800260942000700268952009400275999001500369nice12345678IN_TiNIC20260116011620.0050524s1931 hyda grp 000 0 urd  ac10000a170bARI1 aAristotle,  aIkhlaq-E-Niqomajis. aHyderabadbJame Usmania Sarkar-E-Aalic1931 a382p aincludes index and biblioraphy2 aArchives aEthics bSRS cBK 00104070aHMIbHMId2007-03-15g100.00l0o170 ARI1p4098r2007-03-15w2026-01-16yARB c2912d2912